Guidelines on NRM 2 (Record no. 115469)
[ view plain ]
| 000 -LEADER | |
|---|---|
| fixed length control field | 01643cam a22002775a 4500 |
| 001 - CONTROL NUMBER | |
| control field | L158713 |
| 008 - FIXED-LENGTH DATA ELEMENTS--GENERAL INFORMATION | |
| fixed length control field | 081030s2014 xxk f v 000 0 eng d |
| 020 ## - INTERNATIONAL STANDARD BOOK NUMBER | |
| International Standard Book Number | 9781783210831 |
| 035 ## - SYSTEM CONTROL NUMBER | |
| System control number | (Sirsi) u158713 |
| 041 0# - LANGUAGE CODE | |
| Language code of text/sound track or separate title | eng |
| 050 04 - LIBRARY OF CONGRESS CALL NUMBER | |
| -- | 18 |
| 110 2# - MAIN ENTRY--CORPORATE NAME | |
| Corporate name or jurisdiction name as entry element | Royal Institution of Chartered Surveyors |
| 9 (RLIN) | 4900 |
| 245 00 - TITLE STATEMENT | |
| Title | Guidelines on NRM 2 |
| Remainder of title | detailed measurement for building work |
| Medium | [electronic resource] |
| 260 ## - PUBLICATION, DISTRIBUTION, ETC. | |
| Place of publication, distribution, etc. | London |
| Name of publisher, distributor, etc. | RICS |
| Date of publication, distribution, etc. | 2014 |
| 300 ## - PHYSICAL DESCRIPTION | |
| Extent | 18 p. |
| 490 #0 - SERIES STATEMENT | |
| Series statement | RICS Information Paper |
| 520 ## - SUMMARY, ETC. | |
| Summary, etc. | These guidelines accompany the New Rules of Measurement (NRM) and are intended to be read in conjunction with Parts 2 and 3 of NRM 2: Detailed measurement for building works. The guidelines have four main purposes. To assist the quantity surveyor (QS) in understanding and implementing the rules of measurement in NRM 2. To encourage good practice in the measurement of building works. To give guidance on the communication of information relative to quantities of finished work where their value is modified by position, complexity, simplicity, repetition, eccentric distribution or other cost significant factors. To give a brief explanation of a number of novel features introduced into NRM 2; why they have been included and how they came about. |
| 521 ## - TARGET AUDIENCE NOTE | |
| Target audience note | Advanced |
| 590 ## - LOCAL NOTE (RLIN) | |
| Local note | KA |
| 650 24 - SUBJECT ADDED ENTRY--TOPICAL TERM | |
| Topical term or geographic name entry element | Cost management |
| 9 (RLIN) | 6233 |
| 651 #4 - SUBJECT ADDED ENTRY--GEOGRAPHIC NAME | |
| Geographic name | United Kingdom |
| Chronological subdivision | |
| 690 ## - LOCAL SUBJECT ADDED ENTRY--TOPICAL TERM (OCLC, RLIN) | |
| Topical term or geographic name as entry element | Construction management |
| 9 (RLIN) | 6230 |
| 700 1# - ADDED ENTRY--PERSONAL NAME | |
| Personal name | Davidson, John |
| 856 41 - ELECTRONIC LOCATION AND ACCESS | |
| Uniform Resource Identifier | <a href="https://www.rics.org/Global/NRM_2_guidelines_1st_edition_PGguidance_2014.pdf">https://www.rics.org/Global/NRM_2_guidelines_1st_edition_PGguidance_2014.pdf</a> |
| Public note | View the guidance free of charge (members-only content) at www.rics.org/guidance... |
| 942 ## - ADDED ENTRY ELEMENTS (KOHA) | |
| Suppress in OPAC | 0 |
| Withdrawn status | Lost status | Source of classification or shelving scheme | Damaged status | Not for loan | Home library | Current library | Shelving location | Date acquired | Total Checkouts | Full call number | Barcode | Date last seen | Copy number | Price effective from | Koha item type |
|---|---|---|---|---|---|---|---|---|---|---|---|---|---|---|---|
| Dewey Decimal Classification | Virtual | Virtual | Online | 30/06/2015 | ONLINE PUBLICATION | 158713-2001 | 06/08/2019 | 1 | 06/08/2019 | Book |